000 00606nam a22001817a 4500
003 CEME
005 20210628203059.0
008 210118b xxu||||| |||| 00| 0 eng d
020 _a969-8741-00-3
040 _cceme
082 _a530 PRO
100 _aHafeez R. Hoorani , Arshad Munir , Raza Samar , Salimuddin Zahir
_963213
245 _aInternational bhurban conference on applied sciences and technology , vol-1
260 _aPAKISTAN
_bNADEEM
_c2003
300 _a267 P
650 _aPHYSICS.ADVANCED MATERIALS.CONTROL ENGINEERING.COMPUTATIONAL FLUID DYNAMICS.TECHNOLOGY
_963214
942 _cBK
_2ddc
999 _c572104
_d572104